Statistics for Top 5 Passers For Each Team

Click here to take the quiz!

General Stats

  • This quiz has been taken 20 times
  • The average score is 110 of 160

Answer Stats

HintAnswer% Correct
Colts23671Andrew Luck
100%
Saints21734Archie Manning
100%
Steelers60348Ben Roethlisberger
100%
Bengals22694Carson Palmer
100%
Cardinals16782Carson Palmer
100%
Cowboys17634Dak Prescott
100%
Texans13391David Carr
100%
Raiders26896Derek Carr
100%
Eagles32873Donovan McNabb
100%
Chargers12348Drew Brees
100%
Saints68010Drew Brees
100%
Giants57023Eli Manning
100%
Browns13361Frank Ryan
100%
Vikings33098Fran Tarkenton
100%
Giants13905Fran Tarkenton
100%
Bills35467Jim Kelly
100%
49ers35124Joe Montana
100%
Broncos51475John Elway
100%
Cardinals15843Kurt Warner
100%
Falcons55767Matt Ryan
100%
Falcons11505Michael Vick
100%
Browns23854Otto Graham
100%
Broncos17112Peyton Manning
100%
Colts54828Peyton Manning
100%
Chargers59271Philip Rivers
100%
Giants33462Phil Simms
100%
Seahawks33946Russell Wilson
100%
49ers29907Steve Young
100%
Cowboys34183Tony Romo
100%
Vikings11098Wade Wilson
100%
Packers46946Aaron Rodgers
93%
Chiefs27608Alex Smith
93%
Bengals31594Andy Dalton
93%
Packers24718Bart Starr
93%
Jaguars17646Blake Bortles
93%
Bengals27149Boomer Esiason
93%
Packers61655Brett Favre
93%
Panthers29041Cam Newton
93%
Chargers43040Dan Fouts
93%
Dolphins61361Dan Marino
93%
Vikings20162Daunte Culpepper
93%
Buccaneers19737Jameis Winston
93%
Bears23443Jay Cutler
93%
Ravens38245Joe Flacco
93%
Jets27057Joe Namath
93%
Football Team25206Joe Theismann
93%
Colts39768Johnny Unitas
93%
Ravens7085Lamar Jackson
93%
Lions45109Matthew Stafford
93%
Texans23221Matt Schaub
93%
Eagles22877Randall Cunningham
93%
Cowboys22700Roger Staubach
93%
Ravens4163Steve McNair
93%
Titans27141Steve McNair
93%
Steelers27989Terry Bradshaw
93%
Patriots74571Tom Brady
93%
Cowboys32942Troy Aikman
93%
Buccaneers14820Vinny Testaverde
93%
Ravens7148Vinny Testaverde
93%
Jets12497Vinny Testaverde
93%
Titans33685Warren Moon
93%
Dolphins25092Bob Griese
86%
Broncos11763Brian Griese
86%
Texans14539Deshaun Watson
86%
Buccaneers12648Doug Williams
86%
Bills10151Drew Bledsoe
86%
Patriots29657Drew Bledsoe
86%
Panthers19258Jake Delhomme
86%
Raiders19078Ken Stabler
86%
Chiefs14152Patrick Mahomes
86%
Bills11654Ryan Fitzpatrick
86%
Dolphins20434Ryan Tannehill
86%
Eagles16811Carson Wentz
79%
Bears11203Jim McMahon
79%
Bengals32838Ken Anderson
79%
Jaguars25698Mark Brunell
79%
Seahawks29434Matt Hasselbeck
79%
Raiders17585Rich Gannon
79%
Jaguars6042Brian Leftwich
71%
Jets13738Chad Pennington
71%
Cardinals71622Jake Plummer
71%
Broncos11631Jake Plummer
71%
49ers16408Jeff Garcia
71%
Football Team16206Kirk Cousins
71%
Vikings12166Kirk Cousins
71%
Chiefs28507Len Dawson
71%
Titans13207Marcus Mariota
71%
Bears14686Sid Luckman
71%
Browns11131Tim Couch
71%
Chiefs21459Trent Green
71%
Browns21904Bernie Kosar
64%
Cowboys21959Danny White
64%
Seahawks26132Dave Krieg
64%
Rams18171Jared Goff
64%
Raiders12665Jim Plunkett
64%
Buccaneers13534Josh Freeman
64%
Rams22814Marc Bulger
64%
Eagles26963Ron Jaworski
64%
Colts17663Bert Jones
57%
Browns23713Brian Sipe
57%
Saints10622Jim Everett
57%
Rams23758Jim Everett
57%
Bears11567Jim Harbaugh
57%
Cardinals34639Jim Hart
57%
Giants16875Kerry Collins
57%
Panthers8306Kerry Collins
57%
Football Team21886Sammy Baugh
57%
Football Team22585Sonny Jurgensen
57%
Buccaneers12969Trent Dilfer
57%
Lions15710Bobby Layne
50%
Falcons13268Chris Chandler
50%
Chargers26938John Hadl
50%
Jets24386Ken O'Brien
50%
Steelers13328Kordell Stewart
50%
Bears10609Mitch Trubisky
50%
Cardinals22771Neil Lomax
50%
Lions12647Scott Mitchell
50%
Panthers12690Steve Beuerlein
50%
49ers16016YA Tittle
50%
Saints19156Aaron Brooks
43%
Broncos11895Craig Morton
43%
Raiders16655Daryle Lamonica
43%
Titans19149George Blanda
43%
Seahawks20122Jim Zorn
43%
49ers31548John Brodie
43%
Packers21369Lynn Dickey
43%
Football Team15928Mark Rypien
43%
Steelers12867Neil O'Donnell
43%
Patriots26886Steve Grogan
43%
Vikings24775Tommy Kramer
43%
Patriots10732Tony Eason
43%
Jaguars5817Chad Henne
36%
Dolphins7114Chad Henne
36%
Jaguars16003David Garrard
36%
Bengals15134Jeff Blake
36%
Bills27590Joe Ferguson
36%
Rams22223Roman Gabriel
36%
Chargers16085Stan Humphries
36%
Falcons23470Steve Bartkowski
36%
Saints14630Bobby Herbert
29%
Texans2957Brock Osweiler
29%
Falcons14066Chris Miller
29%
Titans16864Dan Pastorini
29%
Bills15134Jack Kemp
29%
Dolphins11040Jay Fiedler
29%
Ravens7846Kyle Boller
29%
Rams16114Norm Van Brocklin
29%
Patriots16747Babe Parilli
21%
Chiefs17277Bill Kenney
21%
Steelers10104Bubby Brister
21%
Giants19488Charlie Conerly
21%
Jets18241Richard Todd
21%
Lions11885Gary Danielson
14%
Seahawks9094Rick Mirer
14%
Packers11535Tobin Rote
14%
Panthers3800Chris Weinke
7%
Lions12451Greg Landry
7%
Colts9647Jack Trudeau
7%
Eagles15672Norm Snead
7%
Texans3380Sage Rosenfels
7%

Score Distribution

Percentile by Number Answered

Percent of People with Each Score

Your Score History

You have not taken this quiz